| 000 | 01289nam a22003134a 4500 | ||
|---|---|---|---|
| 001 | ebr10188531 | ||
| 003 | CaPaEBR | ||
| 006 | m u | ||
| 007 | cr cn||||||||| | ||
| 008 | 050606s2006 mdua sb 001 0beng | ||
| 010 | _z 2005016233 | ||
| 020 | _z0801883024 (hardcover : alk. paper) | ||
| 040 |
_aCaPaEBR _cCaPaEBR |
||
| 035 | _a(OCoLC)213305608 | ||
| 050 | 1 | 4 |
_aPT2605.E4 _bZ6296 2006eb |
| 082 | 0 | 4 |
_a831/.914 _aB _222 |
| 100 | 1 | _aLyon, James K. | |
| 245 | 1 | 0 |
_aPaul Celan and Martin Heidegger _h[electronic resource] : _ban unresolved conversation, 1951-1970 / _cJames K. Lyon. |
| 260 |
_aBaltimore : _bJohns Hopkins University Press, _c2006. |
||
| 300 |
_axii, 249 p. : _bill. |
||
| 504 | _aIncludes bibliographical references (p. [237]-243) and index. | ||
| 533 |
_aElectronic reproduction. _bPalo Alto, Calif. : _cebrary, _d2013. _nAvailable via World Wide Web. _nAccess may be limited to ebrary affiliated libraries. |
||
| 600 | 1 | 0 | _aCelan, Paul. |
| 600 | 1 | 0 |
_aHeidegger, Martin, _d1889-1976 _xInfluence. |
| 650 | 0 |
_aPoets, German _y20th century _vBiography. |
|
| 655 | 7 |
_aElectronic books. _2local |
|
| 710 | 2 | _aebrary, Inc. | |
| 856 | 4 | 0 |
_uhttp://site.ebrary.com/lib/rucke/Doc?id=10188531 _zAn electronic book accessible through the World Wide Web; click to view |
| 999 |
_c148669 _d148669 |
||